Introduction to ergonomics (Record no. 655)

000 -LEADER
fixed length control field 00604nam a2200217 a 4500
001 - CONTROL NUMBER
control field 655
003 - CONTROL NUMBER IDENTIFIER
control field BD-DhUET
008 - FIXED-LENGTH DATA ELEMENTS--GENERAL INFORMATION
fixed length control field 080104s2009 flua b 001 0 eng
020 ## - INTERNATIONAL STANDARD BOOK NUMBER
International Standard Book Number 9780849373060
040 ## - CATALOGING SOURCE
Original cataloging agency DNLM/DLC
Transcribing agency DLC
Modifying agency BD-DhUET
082 00 - DEWEY DECIMAL CLASSIFICATION NUMBER
Classification number 620.82
Item number BRI/2009
100 1# - MAIN ENTRY--PERSONAL NAME
Personal name Bridger, R. S.
245 10 - TITLE STATEMENT
Title Introduction to ergonomics
Statement of responsibility, etc. by R.S. Bridger
250 ## - EDITION STATEMENT
Edition statement 3rd ed.
260 ## - PUBLICATION, DISTRIBUTION, ETC. (IMPRINT)
Place of publication, distribution, etc. Boca Raton
Name of publisher, distributor, etc. Taylor & Francis
Date of publication, distribution, etc. 2009
300 ## - PHYSICAL DESCRIPTION
Extent xxix,776p.
Other physical details ill.
504 ## - BIBLIOGRAPHY, ETC. NOTE
Bibliography, etc Includes bibliographies
650 #0 - SUBJECT ADDED ENTRY--TOPICAL TERM
Topical term or geographic name as entry element Ergonomics
942 ## - ADDED ENTRY ELEMENTS (KOHA)
Koha item type General Book
856 41 - ELECTRONIC LOCATION AND ACCESS
Uniform Resource Identifier http://www.loc.gov/catdir/toc/ecip088/2008000270.html
Holdings
Copy number Damaged status Location (home branch) Koha date last seen Koha date last borrowed Koha normalized classification for sorting Price effective from Not for loan Withdrawn status Source of classification or shelving scheme Shelving location Koha full call number Date acquired Sublocation or collection (holding branch) Koha issues (times borrowed) Koha item type Piece designation (barcode) Lost status
1 Central Library, BUET2014-08-05 620_000000000000000_82BRI20092014-08-05   Circulation section620.82/BRI/20092014-08-05Central Library, BUET General Book109235 
2 Central Library, BUET2014-08-05 620_000000000000000_82BRI20092014-08-05   Circulation section620.82/BRI/20092014-08-05Central Library, BUET General Book109236 
3 Central Library, BUET2018-10-012018-08-08620_000000000000000_82BRI20092014-11-29   Circulation section620.82/BRI/20092014-11-29Central Library, BUET1General Book103411